English in medicine Tiếng Anh trong Y khoa: Giáo trình về kĩ năng giao tiếp
Guardado en:
| Autor principal: | |
|---|---|
| Formato: | Libro |
| Lenguaje: | Undetermined |
| Publicado: |
Tp. HCM
Nxb. Tp. HCM
2000
|
| Materias: | |
| Etiquetas: |
Agregar Etiqueta
Sin Etiquetas, Sea el primero en etiquetar este registro!
|
| Thư viện lưu trữ: | Trung tâm Học liệu Trường Đại học Cần Thơ |
|---|
| LEADER | 00642nam a2200181Ia 4500 | ||
|---|---|---|---|
| 001 | CTU_41453 | ||
| 008 | 210402s9999 xx 000 0 und d | ||
| 082 | |a 428.64 | ||
| 082 | |b G558 | ||
| 100 | |a Erric H Glendinning | ||
| 245 | 0 | |a English in medicine | |
| 245 | 0 | |b Tiếng Anh trong Y khoa: Giáo trình về kĩ năng giao tiếp | |
| 245 | 0 | |c Erric H Glendinning, Beverly A. S Holmstrom; Dịch giả: Trần Phương Hạnh | |
| 260 | |a Tp. HCM | ||
| 260 | |b Nxb. Tp. HCM | ||
| 260 | |c 2000 | ||
| 650 | |a english language - textbooks for foreign speakers,readers | ||
| 980 | |a Trung tâm Học liệu Trường Đại học Cần Thơ | ||